La Réunion - Statistiques

Statistiques générales
  • Ce quiz a été pris 315 fois
  • Le résultat moyen est 5 sur 15
Statistiques - réponses
Hint Réponse % Correct
Quel volcan actif se trouve à La Réunion ? Piton de la Fournaise
94%
Quelle est la danse traditionnelle réunionnaise, souvent accompagnée de rouler (tambour) ? Maloya
80%
Quelle est la langue créole parlée à La Réunion ? Créole Réunionnais
77%
Quel produit agricole est historiquement associé à La Réunion ? Vanille
68%
Quel est le musée de tortues se situant à Saint-Leu ? Kélonia
55%
Quel est le pirate ayant inspiré le célèbre manga One Piece ? La Buse
39%
Quelle fête commémore l’abolition de l’esclavage à La Réunion ? 20 décembre
38%
Quel est la quartier de Saint-Benoît le plus sujet à la délinquance ? Bras-Fusil
26%
Dans quel cirque se trouve la cascade du Trou de Fer ? Cirque de Salazie
25%
Dans quel quartier se trouve la plus haute densité d'étrangers à La Réunion ? Fayard
16%
Dans quel archipel se trouve La Réunion ? Archipel des Mascareignes
12%
Quelle est la plus puissante marchande d'esclaves de l'histoire de La Réunion ? Madame Desbassyns
10%
Quel parc national couvre une grande partie de l’intérieur montagneux de l’île ? Parc national de la Réunion
5%
Quelle est la population de l'île en 2025 ? 885000
1%
Quelle est la professeur de chimie des Master 1 Risques et Environnement de l'Université de La Réunion ? Séverine Vellayoudom
1%
Aucun quiz correspondant
Distribution des résultats
% des personnes avec chaque résultat
Percentile par nombre de réponses
Votre historique - résultats
Vous n’avez pas pris ce quiz